Statistics for Lana Del Rey "Did you know that there’s a tunnel under Ocean Blvd"

Click here to take the quiz!

General Stats

  • This quiz has been taken 24 times
  • The average score is 279 of 320

Answer Stats

Answer% Correct
a
100%
be
100%
Boulevard?
100%
Boulevard
100%
Did
100%
Don't
100%
don't
100%
"Don't
100%
forget
100%
I
100%
know
100%
me
100%
me"
100%
Ocean
100%
that
100%
the
100%
There's
100%
there's
100%
tunnel
100%
under
100%
you
100%
Like
94%
like
94%
my
94%
Oh
94%
oh
94%
to
94%
death
88%
Fuck
88%
he
88%
I'm
88%
it
88%
love
88%
myself
88%
No
88%
(No
88%
no)
88%
tell
88%
until
88%
up
88%
And
82%
baby
82%
because
82%
but
82%
But
82%
by
82%
can
82%
Florida
82%
girl
82%
gonna
82%
Not
82%
on
82%
Open
82%
she
82%
sound
82%
turn?
82%
When's
82%
who
82%
body
76%
California"
76%
can't
76%
help
76%
him
76%
"Hotel
76%
It's
76%
just
76%
man
76%
someone
76%
soul
76%
wall
76%
beauty
71%
ceilings
71%
"Come
71%
down
71%
feel
71%
his
71%
Mosaic
71%
says
71%
sings
71%
at
65%
breaks
65%
door
65%
friend
65%
give
65%
had
65%
Handmade
65%
has
65%
have
65%
in
65%
loves
65%
only
65%
Something
65%
tiles
65%
walls
65%
Yeah
65%
yeah)
65%
(Yeah
65%
about
59%
back
59%
corridor
59%
ear
59%
few
59%
found
59%
made
59%
makes
59%
mirrors
59%
Nilsson
59%
notes
59%
or
59%
painted
59%
preserved
59%
running
59%
sealed
59%
she's
59%
silver
59%
somewhat
59%
song
59%
sounds
59%
two
59%
voice
59%
way
59%
wish
59%
world
59%
2:05
53%
Camarillo
53%
Harry
53%
marred
53%
thrive"
53%
whisperin'
53%
five
47%
Lennon
47%

Score Distribution

Percentile by Number Answered

Percent of People with Each Score

Your Score History

You have not taken this quiz